Gminy w powiecie chrzanowskim - Statystyki

Ogólne statystyki
  • Ten quiz został rozwiązany 45 razy
  • Średni wynik to 4 z 5
Statystyki odpowiedzi
Typ Gmina % Poprawnych
Miejsko-wiejska Chrzanów
97%
Miejsko-wiejska Trzebinia
95%
Miejsko-wiejska Libiąż
87%
Miejsko-wiejska Alwernia
84%
Wiejska Babice
66%
Nie znaleziono quizów pasujących do podanych kryteriów
Rozkład punktacji
Procent ludzi z każdym wynikiem
Percentyl według liczby udzielonych odpowiedzi
Twoja historia wyników
Nie rozwiązałeś tego quizu